000 00532nam a22001937a 4500
003 KOHA_MİRAKIL
005 20251024180730.0
008 251024b tu ||||| |||| 00| 0 tur d
020 _a9789752555402
040 _aTR-AnABB
_btur
_cTR-AnABB
041 _atur
082 _a813.42
_bMAN 2021
100 1 _aManaz, Abdullah,
245 1 0 _aKösü Mustafa Kemal /
_cAbdullah Manaz
260 _aİstanbul :
_bIq Kültür Sanat Yayıncılık,
_c2021
300 _a309 sayfa ;
_c21 cm
650 0 4 _aTarih
942 _2ddc
_cBK
999 _c9232
_d9232
900 _bGizem YORULMAZ